Tiếng Anh 10
Sách gồm những vấn đề chung về môn học tiếng Anh lớp 10, chương trình học nâng cao, và gợi ý giảng dạy từng bài cho giáo viên. Giúp giáo viên hướng dẫn học sinh củng cố, mở rộng kiến thức và kỹ năng ngôn ngữ, giúp giáo viên có phương p...
Đã lưu trong:
| 主要作者: | |
|---|---|
| 格式: | 圖書 |
| 語言: | Undetermined |
| 出版: |
Hà Nội
Giáo dục
2008
|
| 主題: | |
| 標簽: |
添加標簽
沒有標簽, 成為第一個標記此記錄!
|
| Thư viện lưu trữ: | Trung tâm Học liệu Trường Đại học Cần Thơ |
|---|
| LEADER | 01089nam a2200217Ia 4500 | ||
|---|---|---|---|
| 001 | CTU_159539 | ||
| 008 | 210402s9999 xx 000 0 und d | ||
| 020 | |c 9700 | ||
| 082 | |a 428.00712 | ||
| 082 | |b T550/L.10 | ||
| 100 | |a Tứ Anh | ||
| 245 | 0 | |a Tiếng Anh 10 | |
| 245 | 0 | |c Tứ Anh (Tổng chủ biên), Mai Vi Phương (Chủ biên) | |
| 260 | |a Hà Nội | ||
| 260 | |b Giáo dục | ||
| 260 | |c 2008 | ||
| 520 | |a Sách gồm những vấn đề chung về môn học tiếng Anh lớp 10, chương trình học nâng cao, và gợi ý giảng dạy từng bài cho giáo viên. Giúp giáo viên hướng dẫn học sinh củng cố, mở rộng kiến thức và kỹ năng ngôn ngữ, giúp giáo viên có phương pháp và nội dung giảng dạy tốt hơn. | ||
| 650 | |a English language | ||
| 650 | |x Study and teaching (Secondary) | ||
| 904 | |i Bé Ba (Bạch Trúc) Tuyến sửa số 428.0712 thành 428.00712 | ||
| 980 | |a Trung tâm Học liệu Trường Đại học Cần Thơ | ||